Statistiche per Tutti gli Stati che hanno controllato Budapest

Clicka qui per fare il quiz!

Statistiche generali

  • Questo quiz è stato fatto 8 volte
  • Il punteggio medio è 15 su 27

Statistiche sulle risposte

Risposta% Corretto
Impero Austro-Ungarico
100%
Impero Ottomano
100%
Terza Repubblica Ungherese
100%
Impero Romano
86%
Impero Romano d'Occidente
86%
Arciducato d'Austria
71%
Impero Mongolo
71%
Khanato degli Avari
57%
Primo Impero Bulgaro
57%
Regno degli Unni
57%
Regno di Odoacre
57%
Regno Ostrogoto
57%
Tribù Pannone
57%
Impero Austriaco
43%
Prima Repubblica Ungherese
43%
Prima Repubblica Ungherese
43%
Regno d'Ungheria
43%
Regno d'Ungheria
43%
Seconda Repubblica Ungherese
43%
Secondo Regno d'Ungheria
43%
Tribù Longobarde
43%
Tribù Longobarde
43%
Principato d'Ungheria
29%
Repubblica Popolare Ungherese
29%
Repubblica Popolare Ungherese
29%
Ribelli Ungheresi
29%
Repubblica Sovietica Ungherese
14%

Distribuzione punteggi

Percentile per numero di risposta

Percentuale di utenti per punteggio

I tuoi punteggi nel tempo

Non hai fatto questo quiz